000 00538nam a22001577a 4500
003 OSt
005 20151003112101.0
008 151003b xxu||||| |||| 00| 0 eng d
040 _cRUA
082 _aAGR ហម​ 1995 B012 Or.1
100 _91877
_aហម​,​ វណ្ណា
245 _aAgro-forestry potential in battambang province, សក្តានុពលកសិរុក្ខកម្មនៅខេត្តបាត់ដំបង
260 _aPhnom Penh
_bRUA
_c1995
300 _a92p.
_bill.
_c29cm.
942 _2ddc
_cAGR
999 _c1773
_d1773